| 000 | 01201nam a2200313 a 4500 | ||
|---|---|---|---|
| 001 | ebr10641869 | ||
| 003 | CaPaEBR | ||
| 006 | m u | ||
| 007 | cr cn||||||||| | ||
| 008 | 130111s2012 inua s 001 0 eng d | ||
| 020 | _z9781118123898 | ||
| 020 | _z9781118224786 (e-book) | ||
| 040 |
_aCaPaEBR _cCaPaEBR |
||
| 035 | _a(OCoLC)843066318 | ||
| 050 | 1 | 4 |
_aTR267 _b.S65 2012eb |
| 100 | 1 | _aSmith, Jennifer. | |
| 245 | 1 | 0 |
_aAdobe Photoshop CS6 digital classroom _h[electronic resource] / _cJennifer Smith and the AGI Creative Team. |
| 260 |
_aIndianapolis, Ind. : _bJohn Wiley & Sons, Inc., _c2012. |
||
| 300 |
_axx, 424 p. : _bcol. ill. |
||
| 500 | _aIncludes index. | ||
| 533 |
_aElectronic reproduction. _bPalo Alto, Calif. : _cebrary, _d2013. _nAvailable via World Wide Web. _nAccess may be limited to ebrary affiliated libraries. |
||
| 630 | 0 | 0 | _aAdobe Photoshop. |
| 650 | 0 |
_aPhotography _xDigital techniques. |
|
| 650 | 0 | _aComputer graphics. | |
| 655 | 7 |
_aElectronic books. _2local |
|
| 710 | 2 | _aAGI Creative Team. | |
| 710 | 2 | _aebrary, Inc. | |
| 856 | 4 | 0 |
_uhttp://site.ebrary.com/lib/rucke/Doc?id=10641869 _zAn electronic book accessible through the World Wide Web; click to view |
| 999 |
_c31803 _d31803 |
||